000 00510nam a22002297a 4500
003 UA-OsUOA
001 41951
007 ta
008 20061018b un ||||| |||| 00| 0 ukr d
100 _aТофтфул М. Г.
090 _a161(075.8)
_bТ50
942 _cBK
040 _aUA-OsUOA
_bukr
_cUA-OsUOA
_dUA-OsUOA
245 _aЛогіка
300 _a368 с.
955 _a2
041 _aukr
080 _a161(075.8)
260 _aК.
_bАкадемія
_c2003
650 7 _2UDC
999 _c328083
_d328083